书目信息 |
| 题名: |
教你学游泳
|
|
| 作者: | 李珈基 , 郭绍炎 | |
| 分册: | ||
| 出版信息: | 浙江 江苏科学技术出版社 1999 |
|
| 页数: | 117 | |
| 开本: | 19cm | |
| 丛书名: | ||
| 单 册: | ||
| 中图分类: | G86 | |
| 科图分类: | ||
| 主题词: | 雪上运动 , 水上运动 , 冰上运动 | |
| 电子资源: | ||
| ISBN: | 7-5345-2752- | |
| 000 | 00589nam0 2200217 450 | |
| 001 | 0736480453 | |
| 005 | 20070817100800.46 | |
| 010 | @a7-5345-2752-@d¥6.00 | |
| 100 | @a20070817d km y0chiy0120 ea | |
| 101 | 0 | @achi |
| 200 | 1 | @a教你学游泳@Ajiao ni xue you yong@f李珈基,郭绍炎@Fli jia ji,guo shao yan |
| 210 | @a浙江@c江苏科学技术出版社@d1999 | |
| 215 | @a117@d19cm | |
| 606 | 0 | @a雪上运动 |
| 606 | 0 | @a水上运动 |
| 606 | 0 | @a冰上运动 |
| 690 | @aG86@v3 | |
| 701 | 0 | @a李珈基@Ali jia ji |
| 701 | 0 | @a郭绍炎@Aguo shao yan |
| 801 | 0 | @aCN@bPFT@c20070817 |
| 905 | @a213230@dG86@et13@f1 | |
| 教你学游泳/李珈基,郭绍炎.-浙江:江苏科学技术出版社,1999 |
| 117;19cm |
| ISBN 7-5345-2752-:¥6.00 |
| ● |
| 相关链接 |
|
|
|
|
正题名:教你学游泳
索取号:G86/t13
 
预约/预借
| 序号 | 登录号 | 条形码 | 馆藏地/架位号 | 状态 | 备注 |
| 1 | 6901376 | 269013765 | 密集书库-体育系/ [索取号:G86/t13] | 在馆 | |
| 2 | 6901377 | 269013774 | 密集书库-体育系/ [索取号:G86/t13] | 在馆 | |
| 3 | 6901378 | 269013783 | 密集书库-体育系/ [索取号:G86/t13] | 在馆 |